000 01329nam a22002537a 4500
001 7329
003 FISKH
005 20250709145156.0
008 250709b cb ||||| |||| 00| 0 eng d
020 _a9780545665872
040 _aFISKH
_beng
_cFISKH
_dFISKH
050 _aPZ7.W3213 L
082 _a 481
100 _aWatkins, Steve
245 _aGhosts of war :
_bLost at Khe Sanh /
_cSteve Watkins
250 _aThis edition first published in 2015
260 _aNew York :
_bScholastic,
_c2015
300 _a198 pages :
_c20 cm
520 _a"Anderson finds himself drawn to the old trunk of military relics in the basement of his family's junk shop again. His friends Greg and Julie warn him to stay away from it, but he can't help himself. This time Anderson discovers an old grenade with a strange message scratched into it. But an old grenade is dangerous ... especially when the ghost of a soldier appears, claiming that it's his lucky grenade during his service in the Vietnam War. What does this ghost want from Anderson, Greg, and Julie? Is he here for their help--or for something more sinister? It's a race against time as the friends work to solve the mystery!"--Page [4] of cover.
650 _2Historical fiction
_aJuvenile fiction
650 _2Vietnam War
_aGhosts
942 _2ddc
_cBK
_n0
999 _c7329
_d7329